| 000 | 00332nam a22001337a 4500 | ||
|---|---|---|---|
| 008 | 170825b xxu||||| |||| 00| 0 eng d | ||
| 020 | _a9780873529860 | ||
| 041 | _aeng | ||
| 080 |
_26 ED _a070 |
||
| 100 | _a40 | ||
| 101 | _aMED | ||
| 245 |
_aMLA HANDBOOK FOR WRITERS OF RESEARCH PAPERS _cGIBALDI.J |
||
| 942 |
_2udc _cBK |
||
| 999 |
_c24993 _d24993 |
||